| 000 | 00498nam a22001817a 4500 | ||
|---|---|---|---|
| 003 | CEME | ||
| 005 | 20210628202754.0 | ||
| 008 | 210118b xxu||||| |||| 00| 0 eng d | ||
| 020 | _a0-8493-2748-2 | ||
| 040 | _c. | ||
| 082 | _a620.193 CAR | ||
| 100 |
_aO'connell, Michael J _961543 |
||
| 245 | _aCarbon nanotubes, properties and applications | ||
| 260 |
_aNEW YORK _bTAYLOR AND FRANCIS _c2006 |
||
| 300 | _a315 P | ||
| 650 |
_aCARBON.NANOSTRUCTURED MATERIALS. TUBES _961544 |
||
| 942 |
_cBK _2ddc |
||
| 999 |
_c570964 _d570964 |
||